Industrial electricity and motor controls
Turn to Industrial Electricity and Electric Motor Controls for complete coverage of the entire industrial electrical field_from the basics of electricity to equipment, to troubleshooting and repair
সংরক্ষণ করুন:
| প্রধান লেখক: | |
|---|---|
| বিন্যাস: | গ্রন্থ |
| ভাষা: | Undetermined |
| প্রকাশিত: |
New York
McGraw-Hill
2008
|
| বিষয়গুলি: | |
| ট্যাগগুলো: |
ট্যাগ যুক্ত করুন
কোনো ট্যাগ নেই, প্রথমজন হিসাবে ট্যাগ করুন!
|
| Thư viện lưu trữ: | Trung tâm Học liệu Trường Đại học Cần Thơ |
|---|
| LEADER | 00862nam a2200217Ia 4500 | ||
|---|---|---|---|
| 001 | CTU_133729 | ||
| 008 | 210402s9999 xx 000 0 und d | ||
| 020 | |c 809000 | ||
| 082 | |a 621.31042 | ||
| 082 | |b M647 | ||
| 100 | |a Miller, Rex | ||
| 245 | 0 | |a Industrial electricity and motor controls | |
| 245 | 0 | |c Rex Miller, Mark R. Miller | |
| 260 | |a New York | ||
| 260 | |b McGraw-Hill | ||
| 260 | |c 2008 | ||
| 520 | |a Turn to Industrial Electricity and Electric Motor Controls for complete coverage of the entire industrial electrical field_from the basics of electricity to equipment, to troubleshooting and repair | ||
| 650 | |a Electric machinery,Industrial electronics,Electric motors,Cơ học điện tử,Điện công nghiệp | ||
| 650 | |x Electronic control | ||
| 904 | |i Nguyên | ||
| 980 | |a Trung tâm Học liệu Trường Đại học Cần Thơ | ||